Music Quiz

Random Music or Math Quiz

One Direction Math Song Quiz Stats

 Plays Quiz not verified by Sporcle

Challenge
Share
Tweet
Embed
Score 0/58 Timer 10:00
0 Plays Today
Hint % Correct
youngand
86.4%
hundredand
86.4%
twoand
86.4%
dividethe
86.4%
threeAnd
86.4%
You'reinsecure
77%
OAPYou
69.4%
offour
68.9%
brainsare
67.2%
skillsare
67.2%
notwhat
66.4%
theywere
66.4%
'Causewe're
66.4%
beforeAdd
65.1%
sohalf
62.6%
Yourold
61.3%
wecan
60.9%
elsecan
60.9%
elsecan
60.9%
knowyour
60.9%
addtwo
60.4%
addon
60.4%
addon
60.4%
addon
60.4%
multiplyby
58.3%
divide by
58.3%
sumby
58.3%
stuffEveryone
57.9%
sixtyEveryone
57.9%
Hint % Correct
Nowtake
57.4%
mathskills
57.4%
areterrible
57%
twothree's
56.6%
offone
56.6%
twenty-fourThen
56.6%
Youdon't
56.6%
yourmath
56.2%
sevenmore
55.7%
don'tknow
55.3%
nowit's
54.5%
terribleIt's
54.5%
stillremember
52.8%
Andif
52.3%
forus
51.9%
nothard
51.9%
totell
50.6%
howto
50.6%
likeme
48.9%
really kindapitiful
47.2%
you'restruggling
46.8%
Ifonly
46%
ofthis
46%
youhad
44.7%
You'dunderstand
44.7%
theage
44.7%
amind
43.4%
thenjust
35.3%
it'sfine
34%

You're not logged in!

Compare scores with friends on all Sporcle quizzes.
Join for Free
OR
Log In

You Might Also Like...

Show Comments

Extras

Top Quizzes Today


Score Distribution

Your Account Isn't Verified!

In order to create a playlist on Sporcle, you need to verify the email address you used during registration. Go to your Sporcle Settings to finish the process.

Report this User

Report this user for behavior that violates our Community Guidelines.

Details: